00712nam a2200193 a 450000100100000000500170001000800410002704000250006808200130009310000340010624500800014026000710022030000210029149000280031283000350034004900090037595201170038499900170050100002452220200930023222.0110128s1966 ve r 001 0 spa d aDO-SdBNPbspacBNPHU ann*bnn*1 aFabbiani Ruiz, José.92067513aLa dolina infancia de Perucho González :bnovela /cJosé Fabbiani Ruiz. aCaracas :bUniversitaria. Universidad Central de Velezuela,c1966. a153 p. ;c19 cm.1 aEdiciones del Rectorado 0aEdiciones del Rectorado916172 aBNGR 001054708MOaGRbGRcCTd2011-01-28iLF1l0onn* nn*p24522-10r2020-06-25w2020-06-25y4ZPréstamo en sala c24015d24015